000 00548nam a22001697a 4500
020 _qHard Cover.
082 _a005
100 _aAhmed, Hasnat
245 _aPreddiction of Popular Tweets Using Similarity Learning /
_cHasnat Ahmed.
260 _aIslamabad;
_bSEECS - NUST,
_c2013.
300 _ax, 40 p. ill. ;
_c30cm.
650 _aMS Thesis IT
_922927
700 _aDr. Ali Mustafa Qamar.
_918654
856 _uhttp://10.250.8.41:8080/xmlui/handle/123456789/30550
942 _2ddc
_cTHE
999 _c529969
_d529969